| 000 | 00937nam a2200265 i 4500 | ||
|---|---|---|---|
| 001 | 12024 | ||
| 003 | ES-MaACL | ||
| 005 | 20230906150225.0 | ||
| 007 | t| | ||
| 008 | 960610s1995 sp ||||0| spa j | ||
| 020 | _a84-88071-16-7 | ||
| 040 |
_aM-BN _bspa _cM-BN |
||
| 080 | _a7.033.4(460.12) | ||
| 100 | 1 |
_aCid Priego, Carlos. _938772 |
|
| 245 | 1 | 3 |
_aEl arte prerrománico de la monarquía asturiana / _cCarlos Cid Priego ; presentación de José María de Azcárate Ristori. |
| 260 |
_aOviedo : _bGrupo Editorial Asturiano, _c[1995] |
||
| 300 |
_a401 p : _bil ; _c21 cm. |
||
| 490 | 1 |
_aAnaquel cultural asturiano ; _v18 |
|
| 504 | _aBibliografía: p. [365]-389. | ||
| 650 | 4 |
_aArte prerrománico- _zAsturias (Comunidad Autónoma) _910276 |
|
| 700 | 1 |
_aAzcárate Ristori, José María de. _924256 |
|
| 830 | 0 |
_aAnaquel cultural asturiano ; _v18 _9179250 |
|
| 852 |
_aES-MaACL _jL-19295 _bR.125026 |
||
| 999 |
_c12024 _d12024 |
||